Tinnitus retraining therapy : Implementing the neurophysicological model

Tinnitus and oversensitivity to sound are common and hitherto incurable, distressing conditions that affect a substantial number of the population. Pawel Jastreboff's discovery of the mechanisms by which tinnitus and decreased sound tolerance occur has led to a new and effective treatment calle...

Disgrifiad llawn

Wedi'i Gadw mewn:
Manylion Llyfryddiaeth
Prif Awdur: Jastreboff, Pawel J.
Fformat: Llyfr
Iaith:Undetermined
Cyhoeddwyd: Cambridge, UK Cambridge University Press 2004
Pynciau:
Tagiau: Ychwanegu Tag
Dim Tagiau, Byddwch y cyntaf i dagio'r cofnod hwn!
Thư viện lưu trữ: Trung tâm Học liệu Trường Đại học Cần Thơ
LEADER 01530nam a2200229Ia 4500
001 CTU_167114
008 210402s9999 xx 000 0 und d
020 |c 184.94 
082 |a 617.8 
082 |b J39 
100 |a Jastreboff, Pawel J. 
245 0 |a Tinnitus retraining therapy : 
245 0 |b Implementing the neurophysicological model 
245 0 |c Pawel J. Jastreboff, Jonathan W. P. Hazell 
260 |a Cambridge, UK 
260 |b Cambridge University Press 
260 |c 2004 
520 |a Tinnitus and oversensitivity to sound are common and hitherto incurable, distressing conditions that affect a substantial number of the population. Pawel Jastreboff's discovery of the mechanisms by which tinnitus and decreased sound tolerance occur has led to a new and effective treatment called Tinnitus Retraining Therapy (TRT). Audiologists, ENT specialists, psychologists and counsellors around the world currently practise this technique, with very high success rates. This book presents a definitive description and justification for the Jastreboff neurophysiological model of tinnitus, outlining the essentials of TRT, reviewing the research literature justifying their claims, and providing an expert critique of other therapeutic practices. 
650 |a Tinnitus,Tinnitus,Bệnh ù tai,Bệnh ù tai 
650 |x Patients,Rehabilitation,Treatment,Bệnh nhân,Phục hồi chức năng,Sự điều trị 
904 |i Đình Thư 
980 |a Trung tâm Học liệu Trường Đại học Cần Thơ